| 000 | 00826nam a2200181 a 4500 | ||
|---|---|---|---|
| 008 | 140205s2013 ||||||||||||||||| || u | ||
| 050 | _aTHESIS/MUK | ||
| 100 | _aMukela, Sarah Nalukui | ||
| 245 | 1 | 2 |
_aA study of the constraints faced by small and medium enterprises in accessing credit from commercial banks: a case of Ndola _cby Sarah Nalukui Mukela |
| 260 |
_aKitwe: _bCopperbelt University _c2013 |
||
| 300 | _axi, 84p.: ill. | ||
| 362 | 1 | _a<p>MBA Finance</p> | |
| 500 | _aBibliography | ||
| 650 | _aSMALL AND MEDIUM ENTERPRISES | ||
| 650 | _aSMALL AND MEDIUM ENTERPRISES--FUNDING | ||
| 650 | _aSMALL AND MEDIUM ENTERPRISES--CREDIT FACILITIES--COMMERCIAL BANKS--NDOLA, ZAMBIA | ||
| 995 |
_FCBU-MAIN LIBRARY (Kitwe) _M1 _UAVAILABLE _WFeb 5, 2014 _ZUniversity Collection |
||
| 999 |
_c58884 _d58884 |
||